| 000 | 00833cam a2200289 4500 | ||
|---|---|---|---|
| 001 | J102862 | ||
| 008 | 000000n1999 000 0 eng u | ||
| 035 | _a(Sirsi) u102862 | ||
| 041 | _aeng | ||
| 050 | _a346.4104343 | ||
| 110 |
_aJones Lang Wootton _92909 |
||
| 245 | _aOffice OSCAR service charge analysis for offices 1999. | ||
| 260 |
_aLondon _bJones Lang LaSalle _c1999 |
||
| 300 | _a20p. ; 30cm. | ||
| 350 | _a0 | ||
| 520 | _aIncorporates data from the Crown Estate, Land Securities, MEPC, Norwich Union and Prudential. | ||
| 650 | _aCROWN ESTATE | ||
| 650 | _aLAND SECURITIES | ||
| 650 | _aMEPC | ||
| 650 | _aNORWICH UNION | ||
| 650 | _aOFFICE SERVICE CHARGE ANALYSIS | ||
| 650 | _aOFFICES | ||
| 650 | _aPRUDENTIAL | ||
| 650 | _aSERVICE CHARGES | ||
| 690 | _aPROPERTY-COMMERCIAL PROPERTY | ||
| 942 | _n0 | ||
| 999 |
_c100068 _d100068 |
||